| 000 | 00724nam a2200253Ia 4500 | ||
|---|---|---|---|
| 001 | 2987 | ||
| 003 | GE_BSU | ||
| 008 | 181216s||||||||xx |||||||||||||| ||und|| | ||
| 040 | _cGE_BSU | ||
| 080 | _a665.63 | ||
| 100 | _aЕгоров,В.И | ||
| 245 | _aЭкономика нефтеперерабатывающей и нефтехимической промышленности | ||
| 245 | _bУчебник для вузов | ||
| 245 | _cРед.Д.Н.Семенова | ||
| 250 | _aИздание: второе, переработанное. | ||
| 260 | _aМ | ||
| 260 | _bХимия | ||
| 260 | _c1982 | ||
| 300 | _a288стр. | ||
| 300 | _bилл. | ||
| 300 | _c22см | ||
| 653 | _aХимия | ||
| 942 | _cBK | ||
| 999 |
_c37033 _d37033 |
||